[Event "Athens Smaok U1900 op 35th"]
[Site "Athens"]
[Date "2016.03.18"]
[Round "3.4"]
[White "Geroukalis, Athanasios"]
[Black "Sorensen, Fedon"]
[Result "0-1"]
[WhiteElo "1703"]
[BlackElo "1615"]
[PlyCount "94"]
[EventDate "2016.03.04"]
[EventType "swiss"]
[EventRounds "7"]
[EventCountry "GRE"]
[SourceTitle "EXT 2024"]
[Source "ChessBase"]
[SourceDate "2023.10.10"]
[SourceVersion "1"]
[SourceVersionDate "2023.10.10"]
[SourceQuality "1"]

1. e4 e5 2. Nc3 Bc5 3. g3 c6 4. Bg2 Ne7 5. Nge2 d5 6. 0-0 0-0 7. exd5 cxd5 8. d4 exd4 9. Nxd4 Nbc6 10. Nb3 d4 11. Nxc5 dxc3 12. bxc3 Qa5 13. Nd3 Be6 14. Bd2 Bc4 15. Re1 Rad8 16. Qg4 Bxd3 17. cxd3 Rxd3 18. Bxc6 Nxc6 19. Bh6 Qxc3 20. Rac1 Qf6 21. Bf4 Ra3 22. Rcd1 Nd4 23. Re3 Rxa2 24. Re4 Ne6 25. Be3 Rd8 26. h4 Rxd1+ 27. Qxd1 Ra1 28. Bc1 h6 29. Kg2 Nd4 30. Rxd4 Qc6+ 31. f3 Rxc1 32. Rd8+ Kh7 33. Qd3+ Qg6 34. g4 Qxd3 35. Rxd3 b5 36. Rd7 a5 37. Rxf7 b4 38. Rb7 Rc4 39. Ra7 Rc5 40. Rb7 Rc3 41. f4 b3 42. f5 Kg8 43. g5 hxg5 44. hxg5 a4 45. g6 Rc8 46. Kg3 Ra8 47. Kg4 a3 0-1

[Event "Athens Kaisariani op 1st"]
[Site "Athens"]
[Date "2013.12.21"]
[Round "1"]
[White "Sorensen, Fedon"]
[Black "Anagnostopoulos, Konstantinos"]
[Result "0-1"]
[WhiteElo "1499"]
[BlackElo "2151"]
[PlyCount "22"]
[EventDate "2013.12.21"]
[EventType "swiss"]
[EventRounds "9"]
[EventCountry "GRE"]
[SourceTitle "EXT 2015"]
[Source "ChessBase"]
[SourceDate "2014.11.20"]
[SourceVersion "1"]
[SourceVersionDate "2014.11.20"]
[SourceQuality "1"]

1. e4 e5 2. Nf3 Nc6 3. d4 exd4 4. Nxd4 Bc5 5. Be3 Bb6 6. Bc4 Nf6 7. Nc3 0-0 8. 0-0 Re8 9. f3 d5 10. Bxd5 Nxd4 11. Bxd4 c6 0-1

[Event "Athens Smaok-ch"]
[Site "Greece"]
[Date "2012.10.14"]
[Round "5.12"]
[White "Sorensen, Fedon"]
[Black "Tsokopoulos, Vasilios"]
[Result "1-0"]
[WhiteElo "1005"]
[BlackElo "1525"]
[PlyCount "147"]
[EventDate "2012.09.16"]
[EventType "swiss"]
[EventRounds "7"]
[EventCountry "GRE"]
[SourceTitle "EXT 2024"]
[Source "ChessBase"]
[SourceDate "2023.10.10"]
[SourceVersion "1"]
[SourceVersionDate "2023.10.10"]
[SourceQuality "1"]

1. e4 d5 2. exd5 Qxd5 3. Nc3 Qd8 4. d4 Nf6 5. Nf3 Bf5 6. Bg5 c6 7. Be2 Nbd7 8. 0-0 e6 9. Re1 Bd6 10. Bd3 Bg6 11. Ne4 Bxe4 12. Bxe4 Qc7 13. Bd3 0-0-0 14. c4 h6 15. Bd2 Ng4 16. h3 Nh2 17. c5 Nxf3+ 18. Qxf3 Bxc5 19. dxc5 Nxc5 20. Re3 Rd7 21. Bc3 Rhd8 22. Bc2 g6 23. Bf6 Re8 24. Rd1 Rxd1+ 25. Qxd1 e5 26. Bh4 f5 27. Rc3 Ne6 28. Bg3 f4 29. Bh2 g5 30. Bf5 Kb8 31. Bxe6 Rxe6 32. Qb3 Rd6 33. Rd3 Qa5 34. Qd1 Rxd3 35. Qxd3 Qe1+ 36. Qf1 Qxf1+ 37. Kxf1 Kc7 38. Ke2 Kd6 39. Kd3 Kd5 40. f3 b5 41. Bg1 a5 42. b3 c5 43. Bf2 h5 44. h4 gxh4 45. Bxh4 c4+ 46. bxc4+ bxc4+ 47. Kc3 a4 48. Bg5 Kc5 49. Bf6 Kd5 50. Bg7 e4 51. fxe4+ Kxe4 52. Kxc4 h4 53. Bf6 f3 54. gxf3+ Kxf3 55. Bxh4 Kf4 56. Bg3+ Kf5 57. Kd5 Kf6 58. Bd6 Kf7 59. Kc6 Ke8 60. Kc7 Kf7 61. Kd7 Kf6 62. Bg3 Kf7 63. Be5 Kf8 64. Bd6+ Kf7 65. Be7 Kg6 66. Ke6 Kg7 67. Bd6 Kg8 68. Kf6 Kh7 69. Bf8 Kg8 70. Ke7 Kh7 71. Kf6 Kg8 72. Bg7 Kh7 73. Kf7 a3 74. Bf8 1-0

[Event "Athens Smaok-ch"]
[Site "Greece"]
[Date "2012.10.07"]
[Round "4.13"]
[White "Geroukalis, Hristos"]
[Black "Sorensen, Fedon"]
[Result "1/2-1/2"]
[WhiteElo "1631"]
[BlackElo "1005"]
[PlyCount "81"]
[EventDate "2012.09.16"]
[EventType "swiss"]
[EventRounds "7"]
[EventCountry "GRE"]
[SourceTitle "EXT 2024"]
[Source "ChessBase"]
[SourceDate "2023.10.10"]
[SourceVersion "1"]
[SourceVersionDate "2023.10.10"]
[SourceQuality "1"]

1. e4 e5 2. Nf3 Nc6 3. d4 exd4 4. Nxd4 Bc5 5. Be3 Qf6 6. c3 Nge7 7. Bb5 a6 8. Bxc6 Nxc6 9. 0-0 0-0 10. Qd3 Re8 11. Nd2 Qg6 12. Qc4 Bb6 13. Rae1 Ne5 14. Qd5 d6 15. Kh1 c6 16. Qb3 Ba7 17. f4 Ng4 18. Bg1 c5 19. N4f3 Qe6 20. Qxe6 Bxe6 21. a3 Rac8 22. h3 Nf6 23. Ng5 Bb8 24. Nxe6 fxe6 25. Nb3 b6 26. Nd2 d5 27. g3 Rcd8 28. e5 Nd7 29. Nf3 h6 30. h4 Rf8 31. Kg2 Bc7 32. Kh3 Nb8 33. Rd1 Nc6 34. Be3 Rd7 35. Rf2 Rfd8 36. Rfd2 Na5 37. Rd3 Nc6 38. b4 c4 39. R3d2 Rb8 40. Nd4 Nxd4 41. Bxd4 1/2-1/2

[Event "Athens Smaok-ch"]
[Site "Greece"]
[Date "2012.09.23"]
[Round "2.6"]
[White "Sorensen, Fedon"]
[Black "Anairousis, Panagiotis"]
[Result "0-1"]
[WhiteElo "1005"]
[BlackElo "1956"]
[PlyCount "42"]
[EventDate "2012.09.16"]
[EventType "swiss"]
[EventRounds "7"]
[EventCountry "GRE"]
[SourceTitle "EXT 2024"]
[Source "ChessBase"]
[SourceDate "2023.10.10"]
[SourceVersion "1"]
[SourceVersionDate "2023.10.10"]
[SourceQuality "1"]

1. e4 e6 2. d4 d5 3. exd5 Qxd5 4. c4 Bb4+ 5. Nc3 Bxc3+ 6. bxc3 Qa5 7. Qc2 e5 8. Bd2 Nf6 9. Bd3 0-0 10. Ne2 Re8 11. 0-0 e4 12. Rfe1 exd3 13. Qxd3 Bf5 14. Qg3 Nbd7 15. Bh6 Bg6 16. Be3 c5 17. dxc5 Nxc5 18. Bd4 Nce4 19. Qf3 Qc7 20. Ng3 Nd2 21. Qd1 Nxc4 0-1